Normal view
MARC view
Entry Personal Name
001 - CONTROL NUMBER
- control field: 50648
003 - CONTROL NUMBER IDENTIFIER
- control field: ARRUPE
005 - DATE AND TIME OF LATEST TRANSACTION
- control field: 20211026105219.0
008 - FIXED-LENGTH DATA ELEMENTS
- fixed length control field: 211026|| aca||aabn | a|a d
040 ## - CATALOGING SOURCE
- Original cataloging agency: ARRUPE
- Transcribing agency: ARRUPE
100 ## - HEADING--PERSONAL NAME
- Personal name: Ranasinghe, Nalin,
- Dates associated with a name: 1960-
670 ## - SOURCE DATA FOUND
- Source citation: Work cat.: (ARRUPE)0: Ranasinghe, Nalin, 1960-, The soul of Socrates /, 2000.